000 00278nam a22001097a 4500
008 230619b xxu||||| |||| 00| 0 eng d
082 _a234.5
_bUN
245 _aJerusalem Visions of Reconciliation
260 _aGreece
_bUnited Nations
_c1993
300 _aXII,147p
942 _2ddc
_cBK
999 _c1348
_d1348